000 00432nam a2200157Ia 4500
008 220216s9999 xx 000 0 und d
245 0 _aRubberwood: a study of the world development potential
260 _bInternational Trade Centre, Geneva, Switzerland
_c1993
300 _a115p
500 _aSource Year: 1995
650 _aByproducts
650 _aHevea brasiliensis
650 _aRubberwood
856 _uATA
942 _cJS
999 _c68351
_d68351